000
00282nam a22001337a 4500
008
181217b xxu||||| |||| 00| 0 eng d
020
_a
9781259971426
041
_a
eng
080
_2
11 TH
_a
573
100
_a
11
101
_a
BIO
245
_a
Biology
_c
Raven.J
942
_2
udc
_c
BK
999
_c
53271
_d
53271